It looks like you're offline.
Open Library logo
additional options menu

MARC Record from Library of Congress

Record ID marc_loc_2016/BooksAll.2016.part02.utf8:130255275:1149
Source Library of Congress
Download Link /show-records/marc_loc_2016/BooksAll.2016.part02.utf8:130255275:1149?format=raw

LEADER: 01149cam a22003251 4500
001 15023136
003 DLC
005 20111129080800.0
008 800205s1894 mauf 000 1 eng
010 $a 15023136
035 $a(OCoLC)5950929
040 $aDLC$cAU$dAU$dDLC
050 00 $aPZ3.D55$bD30$aPR4558
100 1 $aDickens, Charles,$d1812-1870.
240 10 $aDavid Copperfield
245 14 $aThe personal history of David Copperfield,$cby Charles Dickens ; with an introduction by Edwin Percy Whipple, illustrated with engravings on steel ...
260 $aBoston and$aNew York,$bHoughton Mifflin Company$c[c1894]
300 $a2 v.$bfronts., plates$c20.5 cm.
490 0 $aWorks of Charles Dickens. New illustrated library ed. vol. xiv-xv.
500 $aTitle vignettes.
650 0 $aBoys$vFiction.
651 0 $aEngland$vFiction.
650 0 $aOrphans$vFiction.
650 0 $aYoung men$vFiction.
650 0 $aStepfathers$vFiction.
650 0 $aChild labor$vFiction.
655 7 $aAutobiographical fiction.$2gsafd
655 7 $aBildungsromans.$2gsafd
700 1 $aWhipple, Edwin Percy,$d1819-1886.
740 0 $aDavid Copperfield.